Teljesítményértékelési rendszer vizsgálata egy nemzetközi szervezetnél

Bibliográfiai részletek
Szerző: Shaltout Sára
További közreműködők: Németh Dr. Tamás
Dokumentumtípus: Diplomadolgozat
Kulcsszavak:Teljesítményértékelési rendszer
A teljesítmény menedzsment
Nemzetközi szervezetek
Online Access:http://dolgozattar.uni-bge.hu/17413

MARC

LEADER 00000nta a2200000 i 4500
001 dolg17413
005 20190403144719.0
008 180517suuuu hu om 000 hun d
040 |a BGE Dolgozattár Repozitórium  |b hun 
041 |a hu 
100 1 |a Shaltout Sára 
245 1 0 |a Teljesítményértékelési rendszer vizsgálata egy nemzetközi szervezetnél  |c Shaltout Sára  |h [elektronikus dokumentum] 
695 |a Teljesítményértékelési rendszer 
695 |a A teljesítmény menedzsment 
695 |a Nemzetközi szervezetek 
700 1 |a Németh Dr. Tamás  |e ths 
856 4 0 |u http://dolgozattar.uni-bge.hu/17413/1/Szakdolgozat_S.S..pdf  |z Dokumentum-elérés 
856 4 0 |u http://dolgozattar.uni-bge.hu/17413/2/Titkos%C3%ADt%C3%A1si%20k%C3%A9relem.pdf  |z Dokumentum-elérés